000 00657nam a2200217Ii 4500
003 JO-AjNU
008 230605s9999||||xx |||||||||||||| ||und||
017 _a1999/12/2248
040 _aJO-AjNU
_bara
_erda
_cJO-AjNU
041 _aara
050 1 4 _aPJ7846.A55.M37 2001
100 3 _aتأليف محريز،سامي,
_eauthor
_923422
245 0 0 _aمقهى جسر الحمام: رواية
250 _aط1
264 3 1 _aعمان:دار الكرمل،2001
300 _a211ص
336 _atext
_btxt
_2rdacontent
337 _aunmediated
_bn
_2rdamedia
338 _avolume
_bnc
_2rdacarrier
650 4 _aالأدب العربي - روايات
_923423
999 _aA8470
_c12038
_d12038